| 000 | 00839nam a22002177a 4500 | ||
|---|---|---|---|
| 999 |
_c532811 _d532811 |
||
| 003 | NUST | ||
| 005 | 20191203112301.0 | ||
| 008 | 191203b ||||| |||| 00| 0 eng d | ||
| 038 | _aIESE | ||
| 040 | _c0 | ||
| 082 |
_a363.7 _bNAS |
||
| 100 |
_aNaseem,Sana _926418 |
||
| 245 |
_aEstimation models to understand the chemodynamics of diverse organic pollutants for organisms and passive sampler. _cSana Naseem |
||
| 260 |
_aIslamabad _bIESE (SCEE) NUST _c2019 |
||
| 300 |
_a47p. _bH.B |
||
| 440 |
_aMS Environmental Science _91724 |
||
| 500 | _aThesis MS ES | ||
| 650 |
_aEnvironmental Science _91725 |
||
| 700 | _4Dr. Deedar Nabi (Supervisor) | ||
| 942 |
_2ddc _cTHE _kIESE |
||